| 000 -LEADER |
| fixed length control field |
02995nam a22003497a 4500 |
| 008 - FIXED-LENGTH DATA ELEMENTS--GENERAL INFORMATION |
| fixed length control field |
250526b xxu||||| |||| 00| 0 eng d |
| 040 ## - CATALOGING SOURCE |
| Original cataloging agency |
Cagayan State University |
| Description conventions |
RDA |
| 082 ## - DEWEY DECIMAL CLASSIFICATION NUMBER |
| Classification number |
791.4372 |
| Item number |
V573 2020 |
| 245 ## - TITLE STATEMENT |
| Title |
The very excellent Mr. Dundee / directed by Dean Murphy ; produced by Nigel Odell, Dean Murphy ; written by Robert Mond, Dean Murphy. |
| 260 ## - PUBLICATION, DISTRIBUTION, ETC. (IMPRINT) |
| Place of publication, distribution, etc |
Australia : |
| Name of publisher, distributor, etc |
Transmission Films, |
| Date of publication, distribution, etc |
2020. |
| 300 ## - PHYSICAL DESCRIPTION |
| Extent |
1 videofile, (ca. 88 mins.) : |
| Other physical details |
sound, color. |
| 520 ## - SUMMARY, ETC. |
| Summary, etc |
Aussie Icon Paul Hogan just wants the quiet life. He lives in Brentwood, California, happy in retirement, content doing the daily crossword and enjoying regular calls from Lucy, his delightful 10-year-old granddaughter in Sydney. So, when his agent drops by to tell him he'll be receiving a knighthood for services to comedy, he is less than impressed by this imposition and much to his agents' chagrin, turns down the offer. Paul attempts to return to his tranquil life but Lucy calls; she has excitedly told kids at her new school that granddad has been offered a Knighthood. They laughed at her. What? Paul realises he needs to get the Knighthood to help her salvage her reputation. After much begging and pleading, his agent reluctantly agrees to call the Palace. The Knighthood is back on. The next six weeks, however, see Hogan's brand totally trashed. Although he is always trying to do the right thing and salvage his quickly diminishing reputation, life is conspiring against him. He's accused of racism when he questions the reality of Will Smith playing his son in Dundee 4. He gets caught brawling with an ill-mannered Dundee impersonator on Hollywood Boulevard. He has to step in for no-show John Travolta at a charity "Grease" duet with Olivia Newton John, which enrages the die-hard "Grease" fans. He finds himself in a car with the world's most unexpected Uber Driver and running from the law, and that's just the beginning. The media are having a field day as the headlines write themselves. With his granddaughter lost for words at his antics and Paul now a regular punchline on talk shows, he has some big decisions to make. Can he please everyone or does family always come first? Paul's simple life has become hell for him - but great fun for us. |
| 521 ## - TARGET AUDIENCE NOTE |
| Target audience note |
Rated PG-13 for some language and suggestive references. |
| 546 ## - LANGUAGE NOTE |
| Language note |
In English subtitle. |
| 650 ## - SUBJECT ADDED ENTRY--TOPICAL TERM |
| Topical term or geographic name as entry element |
Comedy. |
| 700 ## - ADDED ENTRY--PERSONAL NAME |
| Personal name |
Hogan, Paul, star. |
| 700 ## - ADDED ENTRY--PERSONAL NAME |
| Personal name |
Carpani, Rachael, star. |
| 700 ## - ADDED ENTRY--PERSONAL NAME |
| Personal name |
Elordi, Jacob, star. |
| 700 ## - ADDED ENTRY--PERSONAL NAME |
| Personal name |
Stent, Charlotte, star. |
| 700 ## - ADDED ENTRY--PERSONAL NAME |
| Personal name |
Torrence, Nate, star. |
| 700 ## - ADDED ENTRY--PERSONAL NAME |
| Personal name |
Chase, Chevy, star. |
| 700 ## - ADDED ENTRY--PERSONAL NAME |
| Personal name |
Cleese, John, star. |
| 700 ## - ADDED ENTRY--PERSONAL NAME |
| Personal name |
Newton-John, Olivia, star. |
| 700 ## - ADDED ENTRY--PERSONAL NAME |
| Personal name |
Vel Johnson, Reginald, star. |
| 700 ## - ADDED ENTRY--PERSONAL NAME |
| Personal name |
Jacobson, Shane, star. |
| 700 ## - ADDED ENTRY--PERSONAL NAME |
| Personal name |
Knight, Wayne, star. |
| 700 ## - ADDED ENTRY--PERSONAL NAME |
| Personal name |
Armstrong, Kerry, star. |
| 700 ## - ADDED ENTRY--PERSONAL NAME |
| Personal name |
Lanser, Roger, cinematographer. |
| 700 ## - ADDED ENTRY--PERSONAL NAME |
| Personal name |
Carrodus, Peter, editor. |
| 700 ## - ADDED ENTRY--PERSONAL NAME |
| Personal name |
Mond, Robert, editor. |
| 942 ## - ADDED ENTRY ELEMENTS (KOHA) |
| Source of classification or shelving scheme |
|
| Item type |
Audio-Visual Materials |